000
00332 a2200133 4500
000
nam a22 7a 4500
100
_a
Rajesh Kumar
110
_a
Rajesh Kumar
245
_a
hindutva aur hindu dharm sanrakshak
250
_a
Latest edition
260
_b
Kartik Prakashan
_c
2024
264
_b
Kartik Prakashan
_c
2024
942
_c
BK
999
_c
394342
_d
394342